| 000 | 00527nam a22001937a 4500 | ||
|---|---|---|---|
| 999 |
_c525423 _d525423 |
||
| 003 | NUST | ||
| 005 | 20190702060209.0 | ||
| 008 | 190702b ||||| |||| 00| 0 eng d | ||
| 038 | _aWaseem | ||
| 082 |
_a891.4911 _bATI |
||
| 100 |
_aAtish, Muhammad Nawaz _916290 |
||
| 245 |
_aHaq de rahe / _cMuhammad Nawaz Atish |
||
| 260 |
_aJahlam : _bSap samndar, _c2007. |
||
| 300 | _a159 p. ; | ||
| 500 | _aPaperback. | ||
| 880 |
_6100-01\r _aمحمد نواز آتش |
||
| 880 |
_6245-02\r _aحق دے راہی / |
||
| 942 |
_2ddc _cBK |
||